Villes du Japon de plus d'1 millions d'habitants - Statistiques

Statistiques générales
  • Ce quiz a été pris 236 fois
  • Le résultat moyen est 7 sur 13
Statistiques - réponses
Nom japonais Population Ville % Correct
東京都 40 500 000 Tokyo
100%
大阪市 17 700 000 Osaka
94%
広島市 1 880 000 Hiroshima
81%
名古屋市 10 500 000 Nagoya
79%
札幌市 2 500 000 Sapporo
72%
福岡市 2 750 000 Fukuoka
59%
仙台市 1 500 000 Sendai
48%
岡山市 2 175 000 Okayama
30%
熊本市 1 150 000 Kumamoto
29%
北九州市 2 000 000 Kitakyushu
28%
静岡市 1 130 000 Shizuoka
25%
浜松市 1 310 000 Hamamatsu
23%
那覇市 1 210 000 Naha
17%
Aucun quiz correspondant
Distribution des résultats
% des personnes avec chaque résultat
Percentile par nombre de réponses
Votre historique - résultats
Vous n’avez pas pris ce quiz